Al través de mis nervios (Record no. 33769)

MARC details
000 -LEADER
campo de control de longitud fija 00898nam a2200241 i 4500
001 - NÚMERO DE CONTROL
campo de control 33769
003 - IDENTIFICADOR DE NÚMERO DE CONTROL
campo de control ES-MaACL
005 - FECHA Y HORA DE LA ÚLTIMA TRANSACCIÓN
campo de control 20251004063055.0
007 - CAMPO FIJO DE DESCRIPCIÓN FÍSICA--INFORMACIÓN GENERAL
campo de control de longitud fija t|
008 - DATOS DE LONGITUD FIJA--INFORMACIÓN GENERAL
campo de control de longitud fija 030203s1903 sp f |||| | spa d
080 ## - NÚMERO DE LA CLASIFICACIÓN DECIMAL UNIVERSAL
Número de la Clasificación Decimal Universal 821.134.2(729.1)-4"18"
100 1# - ENTRADA PRINCIPAL--NOMBRE DE PERSONA
Nombre de persona Bobadilla, Emilio,
Fechas asociadas al nombre 1868-1921
9 (RLIN) 29641
245 10 - MENCIÓN DEL TÍTULO
Título Al través de mis nervios
Resto del título : (crítica y sátira) /
Mención de responsabilidad, etc. Emilio Bobadilla (Fray Candil).
260 ## - PUBLICACIÓN, DISTRIBUCIÓN, ETC.
Lugar de publicación, distribución, etc. Barcelona :
Nombre del editor, distribuidor, etc. [s.n.,
Fecha de publicación, distribución, etc. 1903] (
Fabricante Henrich y Cª)
300 ## - DESCRIPCIÓN FÍSICA
Extensión 250 p., 1 lám. ;
Dimensiones 19 cm.
490 1# - MENCIÓN DE SERIE
Mención de serie Biblioteca de escritores contemporáneos
530 ## - NOTA DISPONIBLE DE FORMULARIO FÍSICO ADICIONAL
Nota de formato físico adicional disponible Disponible también en sitio web.
830 0# - PUNTO DE ACCESO ADICIONAL DE SERIE-TÍTULO UNIFORME
Título uniforme Biblioteca de escritores contemporáneos
852 ## - LOCALIZACIÓN
Ubicación ES-MaACL
Número de control de estantería G-7565
Ubicación en estantería Depósito 2
Nota libre Revisado enlace: 1 de junio 2025
856 4# - LOCALIZACIÓN Y ACCESO ELECTRÓNICOS
Identificador Uniforme de Recursos <a href="https://catalogo.bne.es/permalink/34BNE_INST/f0qo1i/alma991021184029708606">https://catalogo.bne.es/permalink/34BNE_INST/f0qo1i/alma991021184029708606</a>
Texto de enlace Ir a la página
942 ## - ELEMENTOS DE ENTRADA SECUNDARIOS (KOHA)
Fuente del sistema de clasificación o colocación Clasificación decimal universal
Holdings
Estatus retirado Estado de pérdida Estado de daño No para préstamo Colección Biblioteca de origen Biblioteca actual Ubicación en estantería Fecha de adquisición Fuente de adquisición Total de préstamos Signatura topográfica completa Código de barras Visto por última vez Precio de reemplazo Tipo de ítem Koha
        Colección digital Biblioteca del Ateneo de Madrid Biblioteca del Ateneo de Madrid Sala Pecera Planta 3 17/01/2008     G-7565 1035150 23/02/2023 23/02/2023 Libro impreso